HayDay - Statistics

General Stats
  • This quiz has been taken 135 times
  • The average score is 18 of 48
Answer Stats
Hint Answer % Correct
Lvl 1 Wheat
95%
Lvl 2 Corn
91%
Lvl 9 Carrot
83%
Lvl 5 Soybean
81%
Lvl 7 Sugarcane
78%
Lvl 30 Tomato
78%
Lvl 15 Pumpkin
75%
Lvl 34 Strawberry
73%
Lvl 18 Cotton
72%
Lvl 35 Potato
69%
Lvl 15 Apple
65%
Lvl 13 Indigo
65%
Lvl 26 Blackberry
53%
Lvl 22 Cherry
52%
Lvl 19 Raspberry
52%
Lvl 25 Chili pepper
46%
Lvl 56 Rice
46%
Lvl 52 Pineapple
41%
Lvl 36 Cacao
38%
Lvl 42 Coffee Bean
34%
Lvl 57 Olive
33%
Lvl 71 Orange
29%
Lvl 66 Lemon
28%
Lvl 58 Lettuce
28%
Lvl 53 Lily
28%
Lvl 63 Sunflower
28%
Lvl 88 Banana
27%
Lvl 68 Onion
26%
Lvl 50 Sesame
25%
Lvl 65 Cabbage
20%
Lvl 60 Garlic
20%
Lvl 76 Peach
18%
Lvl 70 Cucumber
17%
Lvl 94 Plum
17%
Lvl 92 Watermelon
17%
Lvl 74 Bell pepper
16%
Lvl 84 Grapes
15%
Lvl 72 Beetroot
12%
Lvl 90 Eggplant
12%
Lvl 94 Clay
10%
Lvl 89 Mushroom
10%
Lvl 83 Broccoli
9%
Lvl 78 Ginger
8%
Lvl 88 Passion Fruit
8%
Lvl 82 Peony
8%
Lvl 80 Tea Leaf
8%
Lvl 95 Chickpea
6%
Lvl 85 Mint
6%
No matching quizzes found
Score Distribution
Percent of People with Each Score
Percentile by Number Answered
Your Score History
You have not taken this quiz